[Event "Skalica op-A"]
[White "Rakovsky, Jakub"]
[Black "Reitz, Philipp"]
[Site "Skalica"]
[Round "7"]
[Result "0-1"]
[Date "2022.08.26"]
[WhiteElo "1966"]
[BlackElo "2031"]
[PlyCount "58"]
[EventDate "2022.08.20"]
[EventType "swiss"]
[EventRounds "9"]
[EventCountry "SVK"]
[SourceTitle "CBM 209 Extra"]
[Source "ChessBase"]
[SourceDate "2022.09.30"]
[SourceVersion "1"]
[SourceVersionDate "2022.09.30"]
[SourceQuality "1"]

1. e4 c5 2. Nf3 e6 3. g3 Nc6 4. Bg2 Nf6 5. d3 d5 6. Qe2 Be7 7. 0-0 0-0 8. e5 Nd7 9. c4 d4 10. h4 Qc7 11. Bf4 Rb8 12. Re1 b5 13. Nbd2 Nb4 14. Rec1 bxc4 15. Nxc4 Ba6 16. Ng5 Bxg5 17. hxg5 Bxc4 18. dxc4 Rfd8 19. Be4 Nf8 20. Kg2 Nc6 21. Rh1 Ne7 22. Bxh7+ Nxh7 23. Qh5 Qc6+ 24. f3 Rxb2+ 25. Kg1 Ng6 26. Qxh7+ Kf8 27. Rf1 d3 28. Qh5 Qa4 29. Be3 Qxc4 0-1

[Event "Skalica op-A"]
[White "Reitz, Philipp"]
[Black "Pechac, Jergus"]
[Site "Skalica"]
[Round "2"]
[Result "0-1"]
[Date "2022.08.21"]
[WhiteElo "2031"]
[BlackElo "2587"]
[PlyCount "56"]
[EventDate "2022.08.20"]
[EventType "swiss"]
[EventRounds "9"]
[EventCountry "SVK"]
[SourceTitle "CBM 209 Extra"]
[Source "ChessBase"]
[SourceDate "2022.09.30"]
[SourceVersion "1"]
[SourceVersionDate "2022.09.30"]
[SourceQuality "1"]

1. e4 g6 2. d4 Bg7 3. Nc3 d6 4. Be3 a6 5. Qd2 b5 6. h4 Nf6 7. f3 Nbd7 8. 0-0-0 Bb7 9. Bh6 Bxh6 10. Qxh6 e5 11. d5 Rc8 12. g4 b4 13. Nb1 c6 14. dxc6 Rxc6 15. h5 Qc7 16. Rh2 Ke7 17. hxg6 Rc8 18. Rdd2 hxg6 19. Nh3 Qa5 20. Ng5 b3 21. c3 bxa2 22. Qg7 Rf8 23. Rh8 a1Q 24. Rxf8 Rxc3+ 25. bxc3 Q5xc3+ 26. Kd1 Qxb1+ 27. Ke2 Qc4+ 28. Ke3 Qb6+ 0-1

[Event "Erfurt op-A 29th"]
[White "Reitz, Philipp"]
[Black "Grohmann, Alexander"]
[Site "Erfurt"]
[Round "7"]
[Result "1-0"]
[Date "2019.12.29"]
[WhiteElo "2068"]
[BlackElo "1980"]
[PlyCount "41"]
[EventDate "2019.12.26"]
[EventType "swiss"]
[EventRounds "8"]
[EventCountry "GER"]
[SourceTitle "CBM 194 Extra"]
[Source "ChessBase"]
[SourceDate "2020.03.31"]
[SourceVersion "1"]
[SourceVersionDate "2020.03.31"]
[SourceQuality "1"]

1. Nf3 d5 2. c4 e6 3. g3 Nf6 4. Bg2 c6 5. d4 Bb4+ 6. Bd2 Be7 7. Qc2 Ne4 8. 0-0 0-0 9. Rd1 Nd7 10. Bf4 Re8 11. Nc3 f5 12. cxd5 Nxc3 13. bxc3 exd5 14. Qxf5 Ba3 15. Qc2 Nb6 16. Ne5 Qf6 17. e4 Be6 18. Re1 Rad8 19. Nf3 dxe4 20. Bg5 Qf8 21. Ne5 1-0

[Event "Erfurt op-A 29th"]
[White "Reitz, Philipp"]
[Black "Schlick, Stefan"]
[Site "Erfurt"]
[Round "5"]
[Result "0-1"]
[Date "2019.12.28"]
[WhiteElo "2068"]
[BlackElo "1997"]
[PlyCount "34"]
[EventDate "2019.12.26"]
[EventType "swiss"]
[EventRounds "8"]
[EventCountry "GER"]
[SourceTitle "CBM 194 Extra"]
[Source "ChessBase"]
[SourceDate "2020.03.31"]
[SourceVersion "1"]
[SourceVersionDate "2020.03.31"]
[SourceQuality "1"]

1. Nf3 Nf6 2. g3 b6 3. Bg2 Bb7 4. d4 e6 5. 0-0 Be7 6. c4 0-0 7. Nc3 Ne4 8. Qc2 Nxc3 9. Ng5 Nxe2+ 10. Qxe2 Bxg2 11. Qh5 Bxg5 12. Bxg5 f6 13. Kxg2 fxg5 14. h4 gxh4 15. Rh1 Qf6 16. Qe2 Nc6 17. Rxh4 Nxd4 0-1

[Event "Wiesbaden op 31st"]
[White "Reitz, Philipp"]
[Black "Neurohr, Juergen"]
[Site "Wiesbaden"]
[Round "7"]
[Result "1/2-1/2"]
[Date "2019.08.25"]
[WhiteElo "2061"]
[BlackElo "2127"]
[PlyCount "75"]
[EventDate "2019.08.22"]
[EventType "swiss"]
[EventRounds "7"]
[EventCountry "GER"]
[SourceTitle "EXT 2020"]
[Source "ChessBase"]
[SourceDate "2019.10.17"]
[SourceVersion "1"]
[SourceVersionDate "2019.10.17"]
[SourceQuality "1"]

1. e4 e6 2. d4 d5 3. Nd2 c5 4. exd5 exd5 5. dxc5 Bxc5 6. Ngf3 Nc6 7. Bd3 Nge7 8. 0-0 0-0 9. Nb3 Bb6 10. Bg5 h6 11. Bh4 Bg4 12. h3 Be6 13. c3 Qd7 14. Bxe7 Qxe7 15. Bc2 Qf6 16. Nbd4 Rad8 17. Qd3 g6 18. Rad1 Rfe8 19. Rfe1 Kg7 20. Rd2 Bd7 21. Rde2 Rxe2 22. Rxe2 a6 23. Rd2 Ne7 24. Bb3 Bc8 25. Qe2 Nc6 26. Nxc6 bxc6 27. Qe5 Qxe5 28. Nxe5 Bb7 29. Bc2 c5 30. b4 d4 31. cxd4 cxb4 32. Bb3 f6 33. Nd3 Rxd4 34. Re2 Re4 35. Rxe4 Bxe4 36. Nxb4 a5 37. Nd5 Bxd5 38. Bxd5 1/2-1/2

[Event "Wiesbaden op 31st"]
[White "Weber, Samuel"]
[Black "Reitz, Philipp"]
[Site "Wiesbaden"]
[Round "6"]
[Result "1-0"]
[Date "2019.08.25"]
[WhiteElo "2287"]
[BlackElo "2061"]
[PlyCount "73"]
[EventDate "2019.08.22"]
[EventType "swiss"]
[EventRounds "7"]
[EventCountry "GER"]
[SourceTitle "EXT 2020"]
[Source "ChessBase"]
[SourceDate "2019.10.17"]
[SourceVersion "1"]
[SourceVersionDate "2019.10.17"]
[SourceQuality "1"]

1. e4 g6 2. c4 Bg7 3. Nc3 c5 4. g3 Nc6 5. Bg2 d6 6. Nge2 e6 7. d3 Nge7 8. 0-0 0-0 9. Be3 Nd4 10. Rb1 Nec6 11. a3 Rb8 12. b4 b6 13. f4 Qd7 14. b5 Nxe2+ 15. Nxe2 Nd4 16. Bxd4 cxd4 17. f5 exf5 18. exf5 Qe7 19. fxg6 Qe3+ 20. Kh1 Bg4 21. gxf7+ Kh8 22. Rb2 Bh6 23. Qc2 Rbc8 24. Nc1 Rc5 25. Qf2 Rf5 26. Qxe3 Rxf1+ 27. Bxf1 Bxe3 28. Na2 Rxf7 29. Bg2 Kg7 30. h3 Bf5 31. Nb4 Bc1 32. Ra2 Re7 33. Kh2 Re3 34. Bf1 Bc8 35. Ra1 Bb2 36. Rb1 Bxa3 37. Nd5 1-0

[Event "Frankfurt-chA"]
[White "Reitz, Philipp"]
[Black "Neukirchner, Pascal"]
[Site "Frankfurt"]
[Round "6"]
[Result "0-1"]
[Date "2019.06.03"]
[WhiteElo "2020"]
[BlackElo "2298"]
[PlyCount "60"]
[EventDate "2019.04.29"]
[EventType "swiss"]
[EventRounds "7"]
[EventCountry "GER"]
[SourceTitle "EXT 2020"]
[Source "ChessBase"]
[SourceDate "2019.10.17"]
[SourceVersion "1"]
[SourceVersionDate "2019.10.17"]
[SourceQuality "1"]

1. c4 c5 2. Nc3 g6 3. g3 Bg7 4. Bg2 Nc6 5. e3 e5 6. d3 Nge7 7. Nge2 0-0 8. 0-0 d6 9. Qd2 Be6 10. Nd5 Qd7 11. Rb1 Bh3 12. Nxe7+ Nxe7 13. Bxh3 Qxh3 14. b4 b6 15. Nc3 Rae8 16. Nd5 Nxd5 17. cxd5 f5 18. Qd1 g5 19. bxc5 dxc5 20. e4 f4 21. Qf3 g4 22. Qg2 Qh5 23. gxf4 exf4 24. f3 g3 25. Bb2 Bxb2 26. Rxb2 Qe5 27. hxg3 fxg3 28. Qd2 Rf4 29. Kg2 Ref8 30. Rc2 Qh5 0-1

[Event "Frankfurt-chA"]
[White "Reitz, Philipp"]
[Black "Ahmadzadeh Razavi, Seyed Shaahin"]
[Site "Frankfurt"]
[Round "4"]
[Result "1-0"]
[Date "2019.05.20"]
[WhiteElo "2020"]
[BlackElo "2107"]
[PlyCount "75"]
[EventDate "2019.04.29"]
[EventType "swiss"]
[EventRounds "7"]
[EventCountry "GER"]
[SourceTitle "EXT 2020"]
[Source "ChessBase"]
[SourceDate "2019.10.17"]
[SourceVersion "1"]
[SourceVersionDate "2019.10.17"]
[SourceQuality "1"]

1. e4 d5 2. exd5 Qxd5 3. Nf3 Nc6 4. Nc3 Qa5 5. Bc4 Nf6 6. h3 Bf5 7. 0-0 e6 8. d4 0-0-0 9. Be3 Bb4 10. Ne2 Nd5 11. a3 Nxe3 12. fxe3 Be7 13. b4 Qb6 14. Bd3 Bxd3 15. Qxd3 Bf6 16. c4 Ne7 17. Qb3 h5 18. a4 a5 19. b5 c5 20. Rac1 Nf5 21. e4 Nxd4 22. Nexd4 Bxd4+ 23. Nxd4 Rxd4 24. Rxf7 Qd6 25. b6 Rd8 26. Qb5 Rd1+ 27. Rxd1 Qxd1+ 28. Rf1 Qd4+ 29. Kh1 Qxe4 30. Qxc5+ Qc6 31. Qxa5 Qd6 32. Qa8+ Qb8 33. Qxb8+ Kxb8 34. Rf7 Rc8 35. Rxg7 Rxc4 36. Rg8+ Rc8 37. Rxc8+ Kxc8 38. g4 1-0

[Event "Pfalz op 10th"]
[White "Reitz, Philipp"]
[Black "Lenaerts, Lennert"]
[Site "Neustadt an der Weinstrasse"]
[Round "1"]
[Result "0-1"]
[Date "2019.03.01"]
[WhiteElo "2043"]
[BlackElo "2377"]
[PlyCount "40"]
[EventDate "2019.03.01"]
[EventType "swiss"]
[EventRounds "9"]
[EventCountry "GER"]
[SourceTitle "CBM 189 Extra"]
[Source "ChessBase"]
[SourceDate "2019.05.31"]
[SourceVersion "1"]
[SourceVersionDate "2019.05.31"]
[SourceQuality "1"]

1. e4 e5 2. Nf3 Nc6 3. d4 exd4 4. Nxd4 Nf6 5. Nxc6 bxc6 6. e5 Qe7 7. Qe2 Nd5 8. c4 Ba6 9. Nd2 g6 10. Nf3 Qb4+ 11. Kd1 Bg7 12. Qc2 Nb6 13. a3 Qe7 14. Bd3 0-0 15. Bf4 d5 16. b3 dxc4 17. bxc4 Qe6 18. Ke1 Bxc4 19. Bxc4 Nxc4 20. Qe4 Rfe8 0-1

[Event "Wiesbaden op 30th"]
[White "Nagel, Bernhard"]
[Black "Reitz, Philipp"]
[Site "Wiesbaden"]
[Round "7"]
[Result "1/2-1/2"]
[Date "2018.08.26"]
[WhiteElo "2214"]
[BlackElo "2037"]
[PlyCount "39"]
[EventDate "2018.08.23"]
[EventType "swiss"]
[EventRounds "7"]
[EventCountry "GER"]
[SourceTitle "CBM 186 Extra"]
[Source "ChessBase"]
[SourceDate "2018.08.24"]
[SourceVersion "1"]
[SourceVersionDate "2018.08.24"]
[SourceQuality "1"]

1. d4 Nf6 2. c4 e6 3. Nf3 Bb4+ 4. Nbd2 0-0 5. g3 c5 6. a3 Bxd2+ 7. Bxd2 b6 8. Bg2 Bb7 9. Bc3 cxd4 10. Bxd4 Nc6 11. 0-0 Nxd4 12. Qxd4 d5 13. Ne5 Qe7 14. Rac1 Rac8 15. cxd5 Bxd5 16. Bxd5 Nxd5 17. Nc6 Qb7 18. Nb4 Nxb4 19. Qxb4 h6 20. Rfd1 1/2-1/2

[Event "Wiesbaden op 30th"]
[White "Jansen, Dirk Norbert"]
[Black "Reitz, Philipp"]
[Site "Wiesbaden"]
[Round "5"]
[Result "1/2-1/2"]
[Date "2018.08.25"]
[WhiteElo "2190"]
[BlackElo "2037"]
[PlyCount "67"]
[EventDate "2018.08.23"]
[EventType "swiss"]
[EventRounds "7"]
[EventCountry "GER"]
[SourceTitle "CBM 186 Extra"]
[Source "ChessBase"]
[SourceDate "2018.08.24"]
[SourceVersion "1"]
[SourceVersionDate "2018.08.24"]
[SourceQuality "1"]

1. e4 c5 2. Nf3 e6 3. d4 cxd4 4. Nxd4 Nc6 5. Nc3 Qc7 6. g3 a6 7. Bg2 Nf6 8. 0-0 Nxd4 9. Qxd4 Bc5 10. Bf4 d6 11. Qd2 h6 12. a3 e5 13. Be3 Be6 14. h3 Bxe3 15. Qxe3 0-0 16. f4 Qc5 17. Qxc5 dxc5 18. f5 Bc4 19. Rfd1 Rad8 20. b3 Bb5 21. Nd5 Nxd5 22. exd5 Bd7 23. Be4 b5 24. Kf2 g6 25. fxg6 fxg6+ 26. Ke3 Bf5 27. Rf1 h5 28. g4 hxg4 29. hxg4 Bxe4 30. Kxe4 Rf4+ 31. Kxe5 Rd4 32. Kf6 Rd6+ 33. Ke7 R4xd5 34. Rf8+ 1/2-1/2

[Event "Wiesbaden op 30th"]
[White "Zachary, Bastian"]
[Black "Reitz, Philipp"]
[Site "Wiesbaden"]
[Round "3"]
[Result "0-1"]
[Date "2018.08.24"]
[WhiteElo "1860"]
[BlackElo "2037"]
[PlyCount "30"]
[EventDate "2018.08.23"]
[EventType "swiss"]
[EventRounds "7"]
[EventCountry "GER"]
[SourceTitle "CBM 186 Extra"]
[Source "ChessBase"]
[SourceDate "2018.08.24"]
[SourceVersion "1"]
[SourceVersionDate "2018.08.24"]
[SourceQuality "1"]

1. d4 Nf6 2. c4 e6 3. Nf3 Bb4+ 4. Nbd2 0-0 5. a3 Be7 6. e4 d5 7. e5 Nfd7 8. Be2 a5 9. b3 c5 10. cxd5 exd5 11. Bb2 Nc6 12. Bb5 cxd4 13. Bxc6 bxc6 14. Bxd4 Ba6 15. Bb2 Nc5 0-1

[Event "Vellmar op 10th"]
[White "Reitz, Philipp"]
[Black "Toepfer, Albrecht"]
[Site "Vellmar"]
[Round "7"]
[Result "1-0"]
[Date "2018.07.15"]
[WhiteElo "1990"]
[BlackElo "2077"]
[PlyCount "45"]
[EventDate "2018.07.12"]
[EventType "swiss"]
[EventRounds "7"]
[EventCountry "GER"]
[SourceTitle "CBM 185 Extra"]
[Source "ChessBase"]
[SourceDate "2018.07.29"]
[SourceVersion "1"]
[SourceVersionDate "2018.07.29"]
[SourceQuality "1"]

1. e4 c5 2. Nc3 Nc6 3. Bb5 Nd4 4. Bc4 g6 5. Nge2 Bg7 6. Nxd4 cxd4 7. Qf3 Nh6 8. Ne2 0-0 9. d3 Qb6 10. Bb3 d6 11. Qg3 Kh8 12. h4 Qa5+ 13. Bd2 Qh5 14. Nf4 Qg4 15. Qh2 e5 16. f3 Qd7 17. Nd5 f6 18. 0-0-0 Ng8 19. g4 h6 20. Rdg1 Ne7 21. f4 Nxd5 22. Bxd5 Qe7 23. f5 1-0

[Event "Vellmar op 10th"]
[White "Weber, Samuel"]
[Black "Reitz, Philipp"]
[Site "Vellmar"]
[Round "4"]
[Result "0-1"]
[Date "2018.07.14"]
[WhiteElo "2197"]
[BlackElo "1990"]
[PlyCount "76"]
[EventDate "2018.07.12"]
[EventType "swiss"]
[EventRounds "7"]
[EventCountry "GER"]
[SourceTitle "CBM 185 Extra"]
[Source "ChessBase"]
[SourceDate "2018.07.29"]
[SourceVersion "1"]
[SourceVersionDate "2018.07.29"]
[SourceQuality "1"]

1. Nf3 c5 2. g3 g6 3. Bg2 Nc6 4. 0-0 Bg7 5. d3 e5 6. c4 Nge7 7. Nc3 d6 8. Rb1 0-0 9. a3 a5 10. Ne1 Be6 11. Nc2 d5 12. cxd5 Nxd5 13. Na4 b6 14. Ne3 Nxe3 15. Bxe3 Rc8 16. Qd2 Nd4 17. Bxd4 exd4 18. b4 axb4 19. axb4 c4 20. dxc4 Bxc4 21. Rfd1 Re8 22. Bf3 Qf6 23. b5 d3 24. exd3 Bxb5 25. Rxb5 Qxf3 26. Rf1 Bd4 27. Rb4 Re2 28. Qxe2 Qxe2 29. Rxd4 Qe5 30. Re4 Qb5 31. Rfe1 Rc2 32. Re8+ Kg7 33. R1e4 Qxd3 34. Re3 Qd2 35. Re2 Qd1+ 36. Re1 Qd4 37. R8e4 Qxf2+ 38. Kh1 Qxh2# 0-1

[Event "Vellmar op 10th"]
[White "Reitz, Philipp"]
[Black "Kersten, Uwe"]
[Site "Vellmar"]
[Round "2"]
[Result "1-0"]
[Date "2018.07.13"]
[WhiteElo "1990"]
[BlackElo "2237"]
[PlyCount "60"]
[EventDate "2018.07.12"]
[EventType "swiss"]
[EventRounds "7"]
[EventCountry "GER"]
[SourceTitle "CBM 185 Extra"]
[Source "ChessBase"]
[SourceDate "2018.07.29"]
[SourceVersion "1"]
[SourceVersionDate "2018.07.29"]
[SourceQuality "1"]

1. e4 c5 2. Nc3 Nc6 3. Bb5 Nd4 4. Bc4 g6 5. Nge2 Bg7 6. Nxd4 cxd4 7. Qf3 Nh6 8. Ne2 0-0 9. 0-0 Ng4 10. Qg3 Ne5 11. Bb3 Nc6 12. d3 Na5 13. Qh4 Nxb3 14. axb3 d5 15. exd5 Qxd5 16. Qxe7 Bf5 17. Qb4 Rfc8 18. c4 dxc3 19. Nxc3 Qxd3 20. Qxb7 Re8 21. Be3 Rab8 22. Qxa7 Qc2 23. Bd4 Rbd8 24. Bxg7 Kxg7 25. Qa3 Rd2 26. h3 Be6 27. Qa4 Bd7 28. Qb4 Qf5 29. Ne4 Rd3 30. Nd6 Qg5 1-0

[Event "GER-ch U25-A"]
[White "Isler, Benjamin"]
[Black "Reitz, Philipp"]
[Site "Willingen"]
[Round "8"]
[Result "0-1"]
[Date "2018.05.25"]
[WhiteElo "1814"]
[BlackElo "1980"]
[PlyCount "68"]
[EventDate "2018.05.19"]
[EventType "swiss"]
[EventRounds "9"]
[EventCountry "GER"]
[SourceTitle "CBM 184 Extra"]
[Source "ChessBase"]
[SourceDate "2018.06.28"]
[SourceVersion "1"]
[SourceVersionDate "2018.06.28"]
[SourceQuality "1"]

1. e4 c5 2. d4 cxd4 3. c3 g6 4. Qxd4 Nf6 5. e5 Nc6 6. Qf4 Nh5 7. Qe3 Qc7 8. g4 Ng7 9. f4 b6 10. Na3 Bb7 11. Nb5 Qb8 12. Nf3 e6 13. Bd3 Bc5 14. Nfd4 a6 15. Nd6+ Bxd6 16. exd6 Qxd6 17. 0-0 Nxd4 18. cxd4 Qd5 19. Qg3 h5 20. Be2 hxg4 21. Bxg4 Qh1+ 22. Kf2 Qxh2+ 23. Qxh2 Rxh2+ 24. Ke1 Nf5 25. Bxf5 gxf5 26. Bd2 a5 27. Rc1 Ke7 28. Rg1 Bf3 29. Rf1 Bg4 30. Rg1 Rah8 31. Rc2 Re2+ 32. Kf1 Rhh2 33. Rxg4 Rhf2+ 34. Kg1 fxg4 0-1

[Event "GER-ch U25-A"]
[White "Moeller, Lisa Marie"]
[Black "Reitz, Philipp"]
[Site "Willingen"]
[Round "6"]
[Result "0-1"]
[Date "2018.05.23"]
[WhiteElo "1830"]
[BlackElo "1980"]
[PlyCount "118"]
[EventDate "2018.05.19"]
[EventType "swiss"]
[EventRounds "9"]
[EventCountry "GER"]
[SourceTitle "CBM 184 Extra"]
[Source "ChessBase"]
[SourceDate "2018.06.28"]
[SourceVersion "1"]
[SourceVersionDate "2018.06.28"]
[SourceQuality "1"]

1. e4 c5 2. Nf3 e6 3. d4 cxd4 4. Nxd4 Nc6 5. c4 Nf6 6. Nc3 Bb4 7. Nxc6 bxc6 8. Bd3 e5 9. 0-0 0-0 10. Bd2 Bc5 11. Na4 Bd4 12. Bc3 d6 13. Bxd4 exd4 14. c5 Re8 15. f3 Rb8 16. Qc2 d5 17. Rae1 dxe4 18. fxe4 Ng4 19. Qd2 Ne3 20. Rf3 Re5 21. b3 Bg4 22. Rf2 Be6 23. Rc1 h5 24. Nb2 Qg5 25. b4 Bh3 26. Re1 Be6 27. Bb1 Ng4 28. Rfe2 Qd8 29. Nd3 Rg5 30. h3 Ne3 31. Nf4 Nc4 32. Nxe6 fxe6 33. Qd3 Ne5 34. Qb3 Rg6 35. Kh1 d3 36. Rd2 Qh4 37. Rf1 Qxe4 38. Bxd3 Nxd3 39. Qxd3 Qxd3 40. Rxd3 Rxb4 41. Rd8+ Kh7 42. Rff8 Rg5 43. Rf2 Rxc5 44. Rd7 a5 45. Re7 Re4 46. Kh2 Rg5 47. Rc2 c5 48. Rc7 Ra4 49. R7xc5 Rxc5 50. Rxc5 Kg6 51. Rc2 Kf5 52. Kg3 h4+ 53. Kf3 e5 54. Ke3 Ra3+ 55. Kf2 Kf4 56. Rb2 Rc3 57. Rd2 e4 58. Rd7 Rc2+ 59. Kf1 g5 0-1

[Event "Wiesbaden op 29th"]
[White "Chandler, Patrick"]
[Black "Reitz, Philipp"]
[Site "Wiesbaden"]
[Round "6"]
[Result "1-0"]
[Date "2017.08.27"]
[WhiteElo "2211"]
[BlackElo "1978"]
[PlyCount "101"]
[EventDate "2017.08.24"]
[EventType "swiss"]
[EventRounds "7"]
[EventCountry "GER"]
[SourceTitle "CBM 180 Extra"]
[Source "ChessBase"]
[SourceDate "2017.10.06"]
[SourceVersion "1"]
[SourceVersionDate "2017.10.06"]
[SourceQuality "1"]

1. d4 Nf6 2. Nf3 e6 3. Bf4 d5 4. e3 c5 5. c3 Nc6 6. Nbd2 Be7 7. h3 0-0 8. Bd3 h6 9. Qc2 Bd7 10. Rd1 c4 11. Be2 b5 12. e4 b4 13. e5 Nh7 14. h4 f5 15. exf6 Nxf6 16. Bxh6 gxh6 17. Qg6+ Kh8 18. Qxh6+ Kg8 19. Rh3 Bd6 20. Ne5 Nxe5 21. dxe5 Bxe5 22. Qg5+ Kf7 23. Qxe5 Qb8 24. Nf3 Ke7 25. Qxb8 Raxb8 26. Ne5 Kd6 27. Nxc4+ Kc5 28. Ne5 Bb5 29. Bxb5 Kxb5 30. cxb4 Rbc8 31. Nd3 Ne4 32. f3 Rc2 33. fxe4 dxe4 34. a4+ Kb6 35. Rd2 exd3 36. Rhxd3 Rxd2 37. Kxd2 Rf2+ 38. Kc3 Rxg2 39. Rd6+ Kc7 40. Rxe6 Rg3+ 41. Kd4 Rb3 42. Kc5 Rxb2 43. Re7+ Kb8 44. h5 Rc2+ 45. Kb5 Rh2 46. Rh7 Rf2 47. h6 Rf5+ 48. Kc6 Rf6+ 49. Kd5 Rf4 50. Rg7 a5 51. h7 1-0

[Event "Wiesbaden op 29th"]
[White "Koellner, Felicitas Ophelia"]
[Black "Reitz, Philipp"]
[Site "Wiesbaden"]
[Round "3"]
[Result "1/2-1/2"]
[Date "2017.08.25"]
[WhiteElo "1740"]
[BlackElo "1978"]
[PlyCount "111"]
[EventDate "2017.08.24"]
[EventType "swiss"]
[EventRounds "7"]
[EventCountry "GER"]
[SourceTitle "CBM 180 Extra"]
[Source "ChessBase"]
[SourceDate "2017.10.06"]
[SourceVersion "1"]
[SourceVersionDate "2017.10.06"]
[SourceQuality "1"]

1. d4 Nf6 2. Bg5 Ne4 3. Bf4 c5 4. f3 Nf6 5. d5 e6 6. e4 exd5 7. exd5 Qe7+ 8. Be2 Nh5 9. Bc1 Qh4+ 10. Kf1 Ng3+ 11. hxg3 Qxh1 12. Nc3 d6 13. Bb5+ Bd7 14. Qe2+ Be7 15. Bg5 f6 16. Re1 0-0 17. Bxd7 Nxd7 18. Qe6+ Rf7 19. Qxd7 Bf8 20. Qg4 fxg5 21. Kf2 Qh6 22. Re6 Rf6 23. Nh3 Qg6 24. Ne4 Rxe6 25. dxe6 h6 26. c4 Re8 27. Nf4 Qh7 28. Nd5 Be7 29. Qh5 g6 30. Nef6+ Bxf6 31. Nxf6+ Kh8 32. Qg4 Qe7 33. Nxe8 Qxe8 34. Qe4 Kg7 35. Qxb7+ Kf6 36. Qf7+ Qxf7 37. exf7 Kxf7 38. Ke3 Kf6 39. Ke4 Ke6 40. a3 a5 41. b3 h5 42. g4 h4 43. a4 Ke7 44. Kd5 Kd7 45. Ke4 Ke6 46. f4 gxf4 47. Kxf4 Kf6 48. Ke4 Kg5 49. Kf3 Kf6 50. Ke4 Ke6 51. g5 Ke7 52. Kf4 Kf7 53. Ke3 Ke6 54. Ke4 Ke7 55. Kf4 Ke6 56. Ke4 1/2-1/2